Psicología del aprendizaje/ (Registro nro. 9714)
[ vista simple ]
| 000 -LEADER | |
|---|---|
| fixed length control field | 01000nam a2200193Ia 4500 |
| 005 - FECHA Y HORA DE LA ÚLTIMA TRANSACCIÓN | |
| control field | 20231014112749.0 |
| 008 - FIXED-LENGTH DATA ELEMENTS--GENERAL INFORMATION | |
| fixed length control field | 231011s9999 xx 000 0 und d |
| 020 ## - INTERNATIONAL STANDARD BOOK NUMBER | |
| International Standard Book Number | 970-613-606-1 |
| 040 ## - CATALOGING SOURCE | |
| Original cataloging agency | UPAN |
| Transcribing agency | Biblioteca San Vicente |
| Description conventions | RCAA2 |
| 041 ## - LANGUAGE CODE | |
| Language code of text/sound track or separate title | spa |
| 082 ## - DEWEY DECIMAL CLASSIFICATION NUMBER | |
| Classification number | 153.15 |
| Item number | H694p |
| año de publicación | 2000 |
| 100 ## - MAIN ENTRY--PERSONAL NAME | |
| Personal name | Howe, Michael |
| Relator code | aut. |
| 245 #0 - TITLE STATEMENT | |
| Title | Psicología del aprendizaje/ |
| Statement of responsibility, etc | Michael J. A. Howe |
| 260 ## - PUBLICATION, DISTRIBUTION, ETC. (IMPRINT) | |
| Place of publication, distribution, etc | México: |
| Name of publisher, distributor, etc | Oxford, |
| Date of publication, distribution, etc | 2000 |
| 300 ## - PHYSICAL DESCRIPTION | |
| Extent | 165 p.; |
| Dimensions | 23 cm. |
| 505 ## - FORMATTED CONTENTS NOTE | |
| Formatted contents note | 1. Introducción: los inicios del aprendizaje humano , 2. Prepararse para aprender en la escuela, 3. Las actividades mentales y el aprendizaje humano, 4. Los ensayos y la práctica, 5. Cómo los conocimientos existentes contribuyen al aprendizaje, 6. Inteligencia y habilidades humanas, 7. Cómo la motivación afecta el aprendizaje, 8. La lectura, la comprensión y el aprendizaje, 9. Ampliar las habilidades de escritura, Bibliografía,Índice analítico. |
| 650 ## - SUBJECT ADDED ENTRY--TOPICAL TERM | |
| Source of heading or term | LEMB |
| General subdivision | Psicología del aprendizaje |
| 942 ## - ADDED ENTRY ELEMENTS (KOHA) | |
| Koha item type | Libros |
| Source of classification or shelving scheme | Dewey Decimal Classification |
| Withdrawn status | Lost status | Source of classification or shelving scheme | Damaged status | Not for loan | Collection code | Home library | Current library | Date acquired | Total Checkouts | Full call number | Barcode | Date last seen | Copy number | Price effective from | Koha item type |
|---|---|---|---|---|---|---|---|---|---|---|---|---|---|---|---|
| Dewey Decimal Classification | Referencia | Biblioteca UPAN San Vicente | Biblioteca UPAN San Vicente | 11/10/2023 | 153.15 H694p | 12001969 | 11/10/2023 | 01 | 11/10/2023 | Referencia | |||||
| Dewey Decimal Classification | Referencia | Biblioteca UPAN San Vicente | Biblioteca UPAN San Vicente | 11/10/2023 | 153.15 H694p | 12001970 | 11/10/2023 | 02 | 11/10/2023 | Referencia | |||||
| Dewey Decimal Classification | Referencia | Biblioteca UPAN San Vicente | Biblioteca UPAN San Vicente | 14/10/2023 | 153.15 H694p | 12003919 | 14/10/2023 | 03 | 14/10/2023 | Referencia |